Normal view
MARC view
- ASLAM C
Entry Personal Name
001 - CONTROL NUMBER
- control field: 2489
003 - CONTROL NUMBER IDENTIFIER
- control field: OSt
005 - DATE AND TIME OF LATEST TRANSACTION
- control field: 20180115123214.0
008 - FIXED-LENGTH DATA ELEMENTS
- fixed length control field: 180115|| aca||aabn | a|a d
040 ## - CATALOGING SOURCE
- Original cataloging agency: OSt
- Transcribing agency: OSt
100 ## - HEADING--PERSONAL NAME
- Personal name: ASLAM C
670 ## - SOURCE DATA FOUND
- Source citation: Work cat.: (OSt): ASLAM C SABITHA R SHIYA PAUL V JAGATH K. M, Evaluation of hydroponic techniques for terrace cultivation of vegetable crops
